Birds of passage: Migrant labour and industrial societies (Record no. 33244)

MARC details
000 -LEADER
fixed length control field 00313nam a2200109Ia 4500
082 ## - DEWEY DECIMAL CLASSIFICATION NUMBER
Classification number 331.556.4
Item number PIO
100 ## - MAIN ENTRY--AUTHOR NAME
Personal name PIORE, M J
245 #0 - TITLE STATEMENT
Title Birds of passage: Migrant labour and industrial societies
260 ## - PUBLICATION, DISTRIBUTION, ETC. (IMPRINT)
Place of publication Cambridge
Name of publisher Cambridge Univ Press
Year of publication 1979
942 ## - ADDED ENTRY ELEMENTS (KOHA)
Koha item type Books
Holdings
Withdrawn status Lost status Damaged status Not for loan Home library Current library Date acquired Full call number Accession Number Koha item type
        RRII Library RRII Library 16/12/2021 331.556.4 PIO 13744 Books